Democratizaȯ̂ do poder judicir̀io no Brasil

Bibliographic Details
Main Author: Corrå de Moura Rezende, Maurc̕io
Format: eBook
Language:Portuguese
Published: San Pablo: Editora ContraCorrente, 2018
Subjects:
Online Access:Acceso restringido

MARC

LEADER 00000nam a22000007a 4500
005 20191010234327.0
007 cr|||| ||||
008 191010s2018 br |||||s|||| 00||0 por d
020 |a 978-85-69220-48-0 
035 |a 30562 
040 |a vLex 
090 |c 9787  |d 9787 
100 1 |a Corrå de Moura Rezende, Maurc̕io 
245 1 0 |a Democratizaȯ̂ do poder judicir̀io no Brasil  |h [Recurso electrn̤ico] /  |c Maurc̕io Corrå de Moura Rezende 
256 |a Servicio en ln̕ea 
260 |a San Pablo:  |b Editora ContraCorrente,  |c 2018 
300 |a 1 recurso electrn̤ico 
500 |a A Editora Contracorrente tem a satisfaȯ̂ de apresentar a obra "Democratizaȯ̂ do Poder Judicir̀io no Brasil", resultado de profunda pesquisa do Prof. Maurc̕io Corrå de Moura Rezende. Com argc︢ia e objetividade, o autor analisa, de inc̕io, a dimensô polt̕ica da magistratura para, na sequn̊cia, abordar criticamente temas candentes como o recrutamento e a formaȯ̂ dos juz̕es e a necessidade urgente de profanaȯ̂ da magistratura. A obra ainda conta com um valioso prefc̀io da lavra do Prof. Eugenio Ral︢ Zaffaroni, um dos mais destacados juristas da Amřica Latina. 
506 1 |a Disponible solo en los productos indicados  |d vLex Global  |d vLex Global (Academic Edition, excluding Law Schools)  |d vLex Global (U.S. Academic Edition, Law Schools)  |d vLex Global (U.S. Academic Edition, excluding Law Schools)  |d vLex Global (Academic Edition, Law Schools) 
650 0 4 |a Derecho Pb︢lico y Administrativo  |z Brasil 
740 0 |a vLex Libros (Servicio en ln̕ea) 
856 4 0 |u http://vlex.com/source/democratiza-o-do-poder-judiciario-no-brasil-30562  |z Acceso restringido 
942 |c BOOK 
999 0 |a Public and Administrative Law